000 00900cam a2200169 4500
001 X120700
008 021206n2002 000 0 eng u
035 _a(Sirsi) u120700
245 _aR(on the application of J A Pye (Oxford) Ltd v Oxford CC
260 _c2002
490 _aProperty, Planning and Compensation Reports
_v[2002] 2 P&CR 568-596(29)
520 _aQBD 26 October 2001. Development plans. Review of local plan commenced. Adoption of supplementary planning guidance on affordable housing. Whether policies lawfully introduced by way of such guideance. Whether local planning authority had taken into account all material considerations when deciding to introduce Supplementary Planning Guidance. (Taken from journal headnote)
650 _aR V OXFORD CITY COUNCIL EX P J A PYE (OXFORD) LTD
650 _aLOCAL PLAN
690 _aPLANNING LAW AND PRACTICE-CASE LAW
942 _n0
999 _c71725
_d71725